000 00781cam a22002651 4500
999 _c128175
_d128175
001 8405763
003 ARRUPE
005 20180914121758.0
008 750527s1957 inu 000 0 eng
010 _a 57007707
035 _a(OCoLC)1355952
040 _aDLC
_cTxShA
_dOCoLC
_dDLC
042 _apremarc
050 0 0 _aHM101
_b.L4
082 _a301
100 1 _aLewis, Clarence Irving,
_d1883-1964.
_98855
245 1 0 _aOur social inheritance.
_cCla
260 _aBloomington,
_bIndiana University Press
_c1957
300 _a110 p.
_c22 cm.
650 0 _aProgress.
_919459
650 0 _aCivilization.
_942221
906 _a7
_bcbc
_coclcrpl
_du
_encip
_f19
_gy-gencatlg
942 _2lcc
_cMONOGRAPH